[Event "21. Open Cappelle la Grande"]
[Site "Cappelle la Grande FRA"]
[Date "2005.02.12"]
[Round "1"]
[White "Bagheri, Amir"]
[Black "Abeln, Michiel"]
[Result "1-0"]
[WhiteElo "2500"]
[BlackElo "2330"]
[PlyCount "75"]
[EventDate "2005.02.12"]
[EventType "swiss"]
[EventRounds "9"]
[EventCountry "FRA"]
[Source "lmi"]
[SourceDate "2005.02.18"]

1. d4 d6 2. e4 Nf6 3. Bd3 e5 4. c3 Be7 5. Nf3 Nbd7 6. Nbd2 c6 7. O-O O-O 8. a4
b6 9. Re1 Bb7 10. a5 Qc7 11. b4 Rad8 12. Bb2 h6 13. c4 Nh7 14. d5 c5 15. b5 Ng5
16. Ra3 Nxf3+ 17. Qxf3 Nf6 18. Nf1 Nh7 19. g3 g6 20. Ne3 h5 21. h4 Nf6 22. Qg2
Qd7 23. f3 Ne8 24. f4 exf4 25. gxf4 Bxh4 26. Rf1 Bc8 27. Nf5 Bf6 28. e5 Bg7 29.
e6 fxe6 30. Nxg7 Nxg7 31. Qxg6 Rf7 32. Qh7+ Kf8 33. Bg6 Nf5 34. Qxh5 Rg7 35.
Rg3 Qe7 36. Rg5 Nd4 37. Bxd4 cxd4 38. Qh8+ 1-0

[Event "21. Open Cappelle la Grande"]
[Site "Cappelle la Grande FRA"]
[Date "2005.02.12"]
[Round "1"]
[White "Burmakin, Vladimir"]
[Black "Amigues, Emmanuel"]
[Result "1-0"]
[WhiteElo "2554"]
[BlackElo "2349"]
[PlyCount "59"]
[EventDate "2005.02.12"]
[EventType "swiss"]
[EventRounds "9"]
[EventCountry "FRA"]
[Source "lmi"]
[SourceDate "2005.02.18"]

1. d4 a6 2. e4 e6 3. Nf3 d5 4. Nbd2 c5 5. exd5 exd5 6. dxc5 Bxc5 7. Nb3 Bb6 8.
Bg5 f6 9. Qe2+ Qe7 10. Bf4 Nc6 11. Bd6 Qxe2+ 12. Bxe2 Bf5 13. c3 O-O-O 14. Bg3
Nh6 15. Nfd4 Rhe8 16. Kd2 Ne5 17. Rae1 Bd7 18. Kc1 Nf5 19. Rd1 Nc6 20. Nxc6
Bxc6 21. Bg4 Bd7 22. Rd2 h5 23. Bxf5 Bxf5 24. Rhd1 g6 25. h4 Rd7 26. a4 Rdd8
27. a5 Ba7 28. Na1 Re6 29. Nc2 Rc6 30. Nb4 1-0

[Event "21. Open Cappelle la Grande"]
[Site "Cappelle la Grande FRA"]
[Date "2005.02.12"]
[Round "1"]
[White "Chernyshov, Konstantin"]
[Black "Goreskul, Alyona"]
[Result "1-0"]
[WhiteElo "2556"]
[BlackElo "2355"]
[PlyCount "53"]
[EventDate "2005.02.12"]
[EventType "swiss"]
[EventRounds "9"]
[EventCountry "FRA"]
[Source "lmi"]
[SourceDate "2005.02.18"]

1. d4 Nf6 2. Bf4 g6 3. Nc3 Bg7 4. e4 d6 5. Qd2 c6 6. Bh6 Bxh6 7. Qxh6 Qa5 8.
Bd3 Nbd7 9. Nf3 Qh5 10. Qd2 Nb6 11. Ne2 Ng4 12. h3 Qh6 13. Qa5 O-O 14. O-O Nf6
15. Ng3 Be6 16. b3 d5 17. e5 Nh5 18. Nxh5 Qxh5 19. Nh2 f6 20. Rae1 f5 21. f4
Rfd8 22. Re3 Nd7 23. Qb4 b6 24. Qxe7 Re8 25. Qd6 c5 26. Nf3 Rad8 27. Bb5 1-0

[Event "21. Open Cappelle la Grande"]
[Site "Cappelle la Grande FRA"]
[Date "2005.02.12"]
[Round "1"]
[White "Degraeve, Jean Marc"]
[Black "Kaabi, Mejdi"]
[Result "1-0"]
[WhiteElo "2569"]
[BlackElo "2365"]
[PlyCount "50"]
[EventDate "2005.02.12"]
[EventType "swiss"]
[EventRounds "9"]
[EventCountry "FRA"]
[Source "lmi"]
[SourceDate "2005.02.18"]

1. e4 c5 2. Nf3 a6 3. c3 d5 4. exd5 Qxd5 5. d4 e6 6. Bd3 Nf6 7. O-O Be7 8. Be3
cxd4 9. cxd4 O-O 10. Nc3 Qd8 11. Ne5 Nbd7 12. Qe2 Qa5 13. Bg5 h6 14. Bh4 Re8
15. Rad1 Nxe5 16. dxe5 Nd7 17. Bxe7 Rxe7 18. f4 Nf8 19. Rf3 Ng6 20. Bxg6 fxg6
21. Rfd3 Kh7 22. Qf3 Re8 23. Ne4 Rf8 24. Qe3 Qxa2 25. Qc5 Rxf4 1-0

[Event "21. Open Cappelle la Grande"]
[Site "Cappelle la Grande FRA"]
[Date "2005.02.12"]
[Round "1"]
[White "Delchev, Aleksander"]
[Black "Payen, Arnaud"]
[Result "1-0"]
[WhiteElo "2597"]
[BlackElo "2384"]
[PlyCount "70"]
[EventDate "2005.02.12"]
[EventType "swiss"]
[EventRounds "9"]
[EventCountry "FRA"]
[Source "lmi"]
[SourceDate "2005.02.18"]

1. e4 e5 2. Nf3 Nc6 3. Bc4 Nf6 4. d3 h6 5. O-O d6 6. a3 g6 7. b4 a6 8. Bb2 Bg7
9. Nbd2 O-O 10. Re1 Nh5 11. Bd5 Bd7 12. d4 exd4 13. Bxc6 Bxc6 14. Bxd4 Nf4 15.
Nb3 b6 16. Qd2 Be5 17. Nxe5 Qg5 18. Ng4 Qxg4 19. f3 Qh4 20. Be3 Ne6 21. Bxh6
Rfd8 22. Be3 d5 23. Qc3 Bb7 24. Bf2 Qh8 25. e5 Rac8 26. Nd4 Qh5 27. Rad1 Rd7
28. Nxe6 fxe6 29. Rd4 g5 30. Rg4 Rg7 31. Be3 Rf8 32. a4 Rf5 33. a5 b5 34. Qd4
c5 35. Qxc5 Rxe5 1-0

[Event "21. Open Cappelle la Grande"]
[Site "Cappelle la Grande FRA"]
[Date "2005.02.12"]
[Round "1"]
[White "Delort, Frederic"]
[Black "Serrano Baylin, Francisco"]
[Result "1-0"]
[WhiteElo "2149"]
[BlackElo "2085"]
[PlyCount "71"]
[EventDate "2005.02.12"]
[EventType "swiss"]
[EventRounds "9"]
[EventCountry "FRA"]
[Source "lmi"]
[SourceDate "2005.02.18"]

1. d4 d6 2. Nf3 Nf6 3. c4 g6 4. Nc3 Bg7 5. e4 O-O 6. Be2 Nbd7 7. Bg5 c5 8. d5
Ng4 9. h3 Nge5 10. Nd2 Nb6 11. O-O f5 12. f4 Nf7 13. Bh4 Nh6 14. Bd3 fxe4 15.
Ndxe4 Nf5 16. Bf2 e5 17. g4 Nh6 18. Bg3 exf4 19. Rxf4 Rxf4 20. Bxf4 Qh4 21. Qf3
Bxg4 22. hxg4 Rf8 23. Qg3 Bd4+ 24. Kg2 Qxg3+ 25. Kxg3 Nf7 26. Be2 Nd7 27. Rf1
Nde5 28. Nb5 Bxb2 29. Nbxd6 b6 30. g5 Nd7 31. Bg4 Nfe5 32. Be6+ Kg7 33. Kg2 Nd3
34. Bg3 N7e5 35. Nf6 Rd8 36. Nfe8+ 1-0

[Event "21. Open Cappelle la Grande"]
[Site "Cappelle la Grande FRA"]
[Date "2005.02.12"]
[Round "1"]
[White "Gormally, Daniel"]
[Black "Gourlay, Ian"]
[Result "1-0"]
[WhiteElo "2472"]
[BlackElo "2304"]
[PlyCount "57"]
[EventDate "2005.02.12"]
[EventType "swiss"]
[EventRounds "9"]
[EventCountry "FRA"]
[Source "lmi"]
[SourceDate "2005.02.18"]

1. e4 c5 2. Nc3 Nc6 3. Bb5 Nd4 4. Bc4 e6 5. Nf3 a6 6. Nxd4 cxd4 7. Ne2 Nf6 8.
d3 Bc5 9. O-O d5 10. exd5 Nxd5 11. c3 dxc3 12. bxc3 b5 13. Bxd5 exd5 14. a4 Rb8
15. Bf4 Rb6 16. axb5 axb5 17. d4 Be7 18. Ra7 Rb7 19. Rxb7 Bxb7 20. Qd3 Qb6 21.
Rb1 Ba6 22. Qe3 f6 23. Ng3 Kf7 24. Re1 Ba3 25. c4 Bb4 26. c5 Qc6 27. Nf5 Bxe1
28. Qe7+ Kg6 29. g4 1-0

[Event "21. Open Cappelle la Grande"]
[Site "Cappelle la Grande FRA"]
[Date "2005.02.12"]
[Round "1"]
[White "Landa, Konstantin"]
[Black "Bergez, Luc"]
[Result "1-0"]
[WhiteElo "2574"]
[BlackElo "2371"]
[PlyCount "137"]
[EventDate "2005.02.12"]
[EventType "swiss"]
[EventRounds "9"]
[EventCountry "FRA"]
[Source "lmi"]
[SourceDate "2005.02.18"]

1. e4 c6 2. d4 d5 3. Nd2 dxe4 4. Nxe4 Bf5 5. Ng3 Bg6 6. h4 h6 7. Nf3 Nd7 8. h5
Bh7 9. Bd3 Bxd3 10. Qxd3 e6 11. Bf4 Bb4+ 12. c3 Be7 13. Ne4 Ndf6 14. Ned2 Nd5
15. Be5 Ngf6 16. c4 Nb6 17. Qb3 O-O 18. c5 Nbd7 19. Qxb7 Nxe5 20. Nxe5 Rb8 21.
Qxa7 Qxd4 22. Nxc6 Qxb2 23. O-O Rb7 24. Nxe7+ Kh7 25. Qa6 Rxe7 26. Qd3+ Kg8 27.
Rfb1 Qe5 28. Qd6 Qxd6 29. cxd6 Ra7 30. a4 Rc8 31. a5 Rc5 32. a6 Rc6 33. Rb7
Raxa6 34. Rxa6 Rxa6 35. d7 Ra8 36. Rc7 Kh7 37. Nc4 Ra1+ 38. Kh2 Rd1 39. Ne5 Rd5
40. f4 Rd4 41. g3 Rd2+ 42. Kh3 Rd5 43. g4 Rd1 44. g5 hxg5 45. fxg5 Nxd7 46.
Rxd7 Rh1+ 47. Kg4 Rg1+ 48. Kf4 Rh1 49. Rxf7 Rxh5 50. Re7 Rh4+ 51. Kf3 Rh3+ 52.
Kg4 Rh1 53. Rxe6 Rg1+ 54. Kf4 Rf1+ 55. Nf3 Ra1 56. Kf5 Rf1 57. Kg4 Ra1 58. Nh4
Ra4+ 59. Kh5 Ra5 60. Nf3 Rf5 61. Ne5 Rf8 62. Re7 Rf1 63. g6+ Kg8 64. Re8+ Rf8
65. Rxf8+ Kxf8 66. Kg5 Ke7 67. Kf5 Kf8 68. Ke6 Kg8 69. Nd7 1-0

[Event "21. Open Cappelle la Grande"]
[Site "Cappelle la Grande FRA"]
[Date "2005.02.12"]
[Round "1"]
[White "Magomedov, Magaram"]
[Black "Michalczak, Thomas"]
[Result "1-0"]
[WhiteElo "2575"]
[BlackElo "2376"]
[PlyCount "111"]
[EventDate "2005.02.12"]
[EventType "swiss"]
[EventRounds "9"]
[EventCountry "FRA"]
[Source "lmi"]
[SourceDate "2005.02.18"]

1. e4 e5 2. Nf3 Nc6 3. Bb5 a6 4. Ba4 Nf6 5. d3 d6 6. c3 g6 7. Nbd2 Bg7 8. Nf1
b5 9. Bc2 Bb7 10. Bg5 h6 11. Bh4 O-O 12. Ne3 Qd7 13. O-O Ne7 14. Re1 c5 15. a4
Rfe8 16. h3 Rad8 17. Bb3 Qc7 18. axb5 axb5 19. Bxf6 Bxf6 20. Ng4 Bg7 21. Qd2 g5
22. h4 h5 23. Ne3 g4 24. Ng5 d5 25. exd5 Nxd5 26. Qc2 f6 27. Ra7 Qb6 28. Rxb7
Qxb7 29. Bxd5+ Rxd5 30. Qb3 Red8 31. Ne6 Kh8 32. Nf5 R8d7 33. Ra1 Qc6 34. Nexg7
Rxg7 35. c4 bxc4 36. Qb8+ Rg8 37. Qxg8+ Kxg8 38. Ne7+ Kf7 39. Nxc6 cxd3 40. Na5
f5 41. Kf1 f4 42. Ke1 Rd4 43. Kd2 Rb4 44. b3 e4 45. g3 fxg3 46. fxg3 Ke6 47.
Ke3 Rb5 48. Nc4 Rxb3 49. Nd2 Rb2 50. Nxe4 c4 51. Kd4 Rc2 52. Nc3 Kf5 53. Rf1+
Kg6 54. Kxc4 Rg2 55. Ne4 d2 56. Kd3 1-0

[Event "21. Open Cappelle la Grande"]
[Site "Cappelle la Grande FRA"]
[Date "2005.02.12"]
[Round "1"]
[White "Oleksienko, Mikhailo"]
[Black "Ruckschloss, Karol"]
[Result "1-0"]
[WhiteElo "2469"]
[BlackElo "2293"]
[PlyCount "41"]
[EventDate "2005.02.12"]
[EventType "swiss"]
[EventRounds "9"]
[EventCountry "FRA"]
[Source "lmi"]
[SourceDate "2005.02.18"]

1. e4 d6 2. d4 Nf6 3. Nc3 g6 4. f4 Bg7 5. Nf3 c6 6. Bd3 b5 7. O-O O-O 8. f5 e5
9. dxe5 dxe5 10. Qe1 b4 11. Nd1 gxf5 12. Nf2 fxe4 13. Nxe4 Nd5 14. Ng3 f5 15.
Nh5 e4 16. Nxg7 Kxg7 17. Qg3+ Kh8 18. Bh6 Rg8 19. Qe5+ Qf6 20. Ng5 Rf8 21. Bxf8
1-0

[Event "21. Open Cappelle la Grande"]
[Site "Cappelle la Grande FRA"]
[Date "2005.02.12"]
[Round "1"]
[White "Plachetka, Jan"]
[Black "Ravot, Sylvain"]
[Result "1-0"]
[WhiteElo "2441"]
[BlackElo "2253"]
[PlyCount "59"]
[EventDate "2005.02.12"]
[EventType "swiss"]
[EventRounds "9"]
[EventCountry "FRA"]
[Source "lmi"]
[SourceDate "2005.02.18"]

1. e4 e5 2. Nf3 Nc6 3. Bb5 Nge7 4. c3 d6 5. d4 Bd7 6. O-O g6 7. d5 Nb8 8. c4
Bg7 9. Nc3 O-O 10. Bxd7 Nxd7 11. Be3 h6 12. Ne1 f5 13. f3 Nf6 14. Nd3 Qd7 15.
Rc1 a6 16. c5 fxe4 17. fxe4 Ng4 18. Bd2 Rxf1+ 19. Qxf1 h5 20. h3 Nh6 21. c6 Qc8
22. Bg5 Bf8 23. Qf6 bxc6 24. Rf1 Qe8 25. Qe6+ Kg7 26. Rxf8 Qxf8 27. Bxe7 Qf7
28. Qxf7+ Kxf7 29. Bg5 Ng8 30. dxc6 1-0

[Event "21. Open Cappelle la Grande"]
[Site "Cappelle la Grande FRA"]
[Date "2005.02.12"]
[Round "1"]
[White "Seret, Jean Luc"]
[Black "Perunovic, Milos"]
[Result "1-0"]
[WhiteElo "2359"]
[BlackElo "2564"]
[PlyCount "60"]
[EventDate "2005.02.12"]
[EventType "swiss"]
[EventRounds "9"]
[EventCountry "FRA"]
[Source "lmi"]
[SourceDate "2005.02.18"]

1. e4 c5 2. Nf3 Nc6 3. Bb5 Nf6 4. e5 Nd5 5. Nc3 Nc7 6. Bxc6 dxc6 7. d3 g6 8.
Be3 b6 9. Qd2 Bg4 10. Ng5 h6 11. Nge4 Bg7 12. f4 Qd7 13. h3 Be6 14. O-O-O O-O-O
15. Bxc5 bxc5 16. Nxc5 Qd4 17. N3e4 Rd5 18. Qa5 g5 19. Qxa7 gxf4 20. c3 Qxe5
21. d4 Qf5 22. Rhe1 f3 23. gxf3 h5 24. Kb1 Rxc5 25. dxc5 Bd5 26. Ka1 Qxf3 27.
Nd2 Qf6 28. Rf1 Qh4 29. c4 Be6 30. Qb6 Qd4 1-0

[Event "21. Open Cappelle la Grande"]
[Site "Cappelle la Grande FRA"]
[Date "2005.02.12"]
[Round "1"]
[White "Shaw, John"]
[Black "Marechal, Andy"]
[Result "1-0"]
[WhiteElo "2445"]
[BlackElo "2258"]
[PlyCount "51"]
[EventDate "2005.02.12"]
[EventType "swiss"]
[EventRounds "9"]
[EventCountry "FRA"]
[Source "lmi"]
[SourceDate "2005.02.18"]

1. e4 e6 2. d4 d5 3. Nd2 c5 4. exd5 Qxd5 5. Ngf3 cxd4 6. Bc4 Qd6 7. Qe2 Nf6 8.
Nb3 Nc6 9. Bg5 Be7 10. O-O-O a6 11. Nbxd4 Nxd4 12. Rxd4 Qc7 13. Ne5 O-O 14. Bd3
b5 15. Rf4 Bb7 16. Re1 Rad8 17. Bxf6 Bxf6 18. Rxf6 gxf6 19. Qg4+ Kh8 20. Qh4 f5
21. Qf6+ Kg8 22. Re3 Rxd3 23. Rxd3 f4 24. Rd7 Qa5 25. c3 Qxa2 26. Qg5+ 1-0

[Event "21. Open Cappelle la Grande"]
[Site "Cappelle la Grande FRA"]
[Date "2005.02.12"]
[Round "1"]
[White "Shengelia, Davit"]
[Black "Komora, Andrej"]
[Result "1-0"]
[WhiteElo "2482"]
[BlackElo "2319"]
[PlyCount "59"]
[EventDate "2005.02.12"]
[EventType "swiss"]
[EventRounds "9"]
[EventCountry "FRA"]
[Source "lmi"]
[SourceDate "2005.02.18"]

1. d4 Nf6 2. Nf3 g6 3. c4 Bg7 4. Nc3 d6 5. e4 O-O 6. Be2 e5 7. O-O Nc6 8. d5
Ne7 9. Be3 Ng4 10. Bg5 h6 11. Bd2 f5 12. Nh4 Nf6 13. exf5 gxf5 14. f4 c6 15.
Be3 Ng4 16. Bxg4 fxg4 17. fxe5 Rxf1+ 18. Qxf1 dxe5 19. Rd1 cxd5 20. cxd5 Bd7
21. d6 Nc6 22. Qc4+ Kh8 23. Ng6+ Kh7 24. Qe4 Kg8 25. Nd5 h5 26. Nde7+ Nxe7 27.
dxe7 Qe8 28. Qd5+ Qf7 29. Qxf7+ Kxf7 30. Rxd7 1-0

[Event "21. Open Cappelle la Grande"]
[Site "Cappelle la Grande FRA"]
[Date "2005.02.12"]
[Round "1"]
[White "Velikov, Petar"]
[Black "Cieza, Arcadio"]
[Result "1-0"]
[WhiteElo "2430"]
[BlackElo "2242"]
[PlyCount "66"]
[EventDate "2005.02.12"]
[EventType "swiss"]
[EventRounds "9"]
[EventCountry "FRA"]
[Source "lmi"]
[SourceDate "2005.02.18"]

1. c4 e6 2. g3 d5 3. Nf3 Nf6 4. Bg2 Be7 5. O-O O-O 6. b3 d4 7. e3 c5 8. exd4
cxd4 9. Ba3 Nc6 10. Re1 Re8 11. d3 e5 12. Nxe5 Bxa3 13. Nxc6 Rxe1+ 14. Qxe1
bxc6 15. Nxa3 Bf5 16. Qd2 Rc8 17. c5 Nd7 18. Qf4 Qf6 19. Qd6 Ne5 20. Qxf6 gxf6
21. Be4 Bg4 22. Nc4 Nxc4 23. dxc4 Be2 24. f3 a5 25. Kf2 d3 26. Ke3 Re8 27. Kd2
Re6 28. Re1 Re5 29. Bxd3 Bxf3 30. Rf1 Bg4 31. Rxf6 Rxc5 32. Rh6 f5 33. h3 Kg7
1-0

[Event "21. Open Cappelle la Grande"]
[Site "Cappelle la Grande FRA"]
[Date "2005.02.12"]
[Round "1"]
[White "Yevseev, Denis"]
[Black "Laurent, Bruno"]
[Result "1-0"]
[WhiteElo "2550"]
[BlackElo "2348"]
[PlyCount "43"]
[EventDate "2005.02.12"]
[EventType "swiss"]
[EventRounds "9"]
[EventCountry "FRA"]
[Source "lmi"]
[SourceDate "2005.02.18"]

1. d4 Nf6 2. c4 e6 3. g3 d5 4. Bg2 dxc4 5. Nf3 c5 6. O-O Nc6 7. Ne5 Bd7 8. Na3
cxd4 9. Naxc4 Be7 10. Qb3 Nxe5 11. Nxe5 Qb6 12. Nxd7 Nxd7 13. Bxb7 Qxb3 14.
axb3 Rb8 15. Bc6 Bc5 16. Bf4 Rxb3 17. Rfc1 Bb6 18. Ba4 Rxb2 19. Rc8+ Bd8 20.
Bc6 O-O 21. Bxd7 Bb6 22. Rac1 1-0

[Event "21. Open Cappelle la Grande"]
[Site "Cappelle la Grande FRA"]
[Date "2005.02.12"]
[Round "1"]
[White "Zimmerman, Yuri"]
[Black "Dzhumaev, Marat"]
[Result "1-0"]
[WhiteElo "2363"]
[BlackElo "2569"]
[PlyCount "93"]
[EventDate "2005.02.12"]
[EventType "swiss"]
[EventRounds "9"]
[EventCountry "FRA"]
[Source "lmi"]
[SourceDate "2005.02.18"]

1. d4 f5 2. g3 Nf6 3. Bg2 g6 4. Nh3 d6 5. c3 c6 6. Nd2 Na6 7. O-O Nc7 8. Re1
Bh6 9. Nc4 Bg7 10. Nd2 d5 11. Nf3 Ng4 12. Nf4 e5 13. Nxe5 Nxe5 14. dxe5 Bxe5
15. Be3 O-O 16. Bd4 Bd6 17. Qc1 Be6 18. c4 Bf7 19. cxd5 cxd5 20. Bc3 d4 21. Bd2
Rb8 22. b3 Nb5 23. a4 Nc3 24. Bxc3 Rc8 25. Bxb7 Rxc3 26. Qd2 Be5 27. Nd3 Bf6
28. b4 Qc7 29. Bf3 g5 30. b5 Re8 31. Nb4 Qc5 32. Rab1 Bc4 33. Nc6 Kg7 34. Rb4
Bf7 35. Rbb1 h5 36. a5 g4 37. Bg2 Rc2 38. Rbc1 d3 39. Rxc2 Qxc2 40. Qxc2 dxc2
41. e3 Bb3 42. b6 Bc3 43. Rc1 Bd2 44. Ra1 Ba4 45. Nd4 a6 46. Nxc2 Bxc2 47. Ra2
1-0

[Event "21. Open Cappelle la Grande"]
[Site "Cappelle la Grande FRA"]
[Date "2005.02.12"]
[Round "1"]
[White "Bruno, Fabio"]
[Black "Rozentalis, Eduardas"]
[Result "1/2-1/2"]
[WhiteElo "2379"]
[BlackElo "2584"]
[PlyCount "103"]
[EventDate "2005.02.12"]
[EventType "swiss"]
[EventRounds "9"]
[EventCountry "FRA"]
[Source "lmi"]
[SourceDate "2005.02.18"]

1. d4 Nf6 2. Nf3 b6 3. e3 Bb7 4. Nbd2 d6 5. c4 Nbd7 6. b4 e5 7. d5 a5 8. bxa5
Rxa5 9. Nb3 Ra7 10. Qc2 g6 11. e4 Bg7 12. Bd3 O-O 13. O-O Qa8 14. Bb2 Ra4 15.
Nfd2 c6 16. Nb1 cxd5 17. cxd5 Rc8 18. Nc3 Ba6 19. Rfe1 Nh5 20. g3 Rd4 21. Bxa6
Qxa6 22. Qe2 Qxe2 23. Rxe2 Rb4 24. Ba3 Rxb3 25. axb3 Rxc3 26. Bxd6 Bf8 27. Ra8
Nhf6 28. Be7 Kg7 29. d6 Rxb3 30. Rd8 g5 31. Ra2 g4 32. Raa8 Rd3 33. Kg2 Rd2 34.
Ra7 Kg6 35. Raxd7 Nxd7 36. Rxd7 Bh6 37. Kf1 Rd1+ 38. Ke2 Rd2+ 39. Ke1 Rd3 40.
Ke2 Rd2+ 41. Ke1 Rd4 42. Rb7 Bg5 43. Rxb6 f6 44. Kf1 Kf7 45. Rb8 Ke6 46. Rg8 h6
47. Rg7 Rd1+ 48. Kg2 Rd2 49. Kf1 Rd1+ 50. Ke2 Rd2+ 51. Ke1 Rd4 52. Kf1 1/2-1/2

[Event "21. Open Cappelle la Grande"]
[Site "Cappelle la Grande FRA"]
[Date "2005.02.12"]
[Round "1"]
[White "Fridman, Daniel"]
[Black "Daly, Colm"]
[Result "1/2-1/2"]
[WhiteElo "2569"]
[BlackElo "2370"]
[PlyCount "78"]
[EventDate "2005.02.12"]
[EventType "swiss"]
[EventRounds "9"]
[EventCountry "FRA"]
[Source "lmi"]
[SourceDate "2005.02.18"]

1. d4 Nf6 2. c4 g6 3. Nc3 Bg7 4. Nf3 d6 5. g3 O-O 6. Bg2 c6 7. O-O Bf5 8. b3
Ne4 9. Bb2 Nxc3 10. Bxc3 Be4 11. e3 Nd7 12. Bh3 Bxf3 13. Qxf3 e6 14. Bb4 c5 15.
Bc3 Rb8 16. Rfd1 Qe7 17. Rac1 Rfd8 18. Bg2 a6 19. h4 h5 20. dxc5 dxc5 21. Be1
Ne5 22. Qe2 b6 23. Kf1 Rxd1 24. Rxd1 Rd8 25. Qc2 a5 26. Ke2 Rd6 27. f4 Ng4 28.
Rxd6 Qxd6 29. Bc3 Bxc3 30. Qxc3 e5 31. Bf3 exf4 32. Bxg4 hxg4 33. exf4 Qc6 34.
a4 Qg2+ 35. Ke1 Qe4+ 36. Kd2 Kf8 37. Qe3 Qb1 38. Qc3 Qe4 39. Qe3 Qb1 1/2-1/2

[Event "21. Open Cappelle la Grande"]
[Site "Cappelle la Grande FRA"]
[Date "2005.02.12"]
[Round "1"]
[White "Gentilleau, Jean Philippe"]
[Black "Abergel, Thal"]
[Result "1/2-1/2"]
[WhiteElo "2258"]
[BlackElo "2443"]
[PlyCount "42"]
[EventDate "2005.02.12"]
[EventType "swiss"]
[EventRounds "9"]
[EventCountry "FRA"]
[Source "lmi"]
[SourceDate "2005.02.18"]

1. e4 c5 2. Nf3 d6 3. d4 cxd4 4. Qxd4 Nc6 5. Bb5 Bd7 6. Bxc6 Bxc6 7. Nc3 Nf6 8.
Bg5 h6 9. Bxf6 gxf6 10. O-O Rg8 11. Qd3 a6 12. Nd4 Bd7 13. f4 e6 14. Kh1 Qb6
15. a4 Rc8 16. Ra3 Qc5 17. Rb3 Rc7 18. f5 Ke7 19. Nde2 Qe5 20. Nf4 Bc6 21. Qf3
Qd4 1/2-1/2

[Event "21. Open Cappelle la Grande"]
[Site "Cappelle la Grande FRA"]
[Date "2005.02.12"]
[Round "1"]
[White "Giffard, Nicolas"]
[Black "Kruppa, Yuri"]
[Result "1/2-1/2"]
[WhiteElo "2348"]
[BlackElo "2553"]
[PlyCount "70"]
[EventDate "2005.02.12"]
[EventType "swiss"]
[EventRounds "9"]
[EventCountry "FRA"]
[Source "lmi"]
[SourceDate "2005.02.18"]

1. d4 Nf6 2. Nf3 d6 3. c4 g6 4. Nc3 Bg7 5. Bg5 h6 6. Bh4 O-O 7. e3 c6 8. Be2 a6
9. O-O b5 10. Nd2 Bb7 11. Bf3 Ra7 12. Rc1 Nbd7 13. b4 c5 14. bxc5 dxc5 15. dxc5
Nxc5 16. cxb5 axb5 17. Bxb7 Rxb7 18. Bxf6 Bxf6 19. Nce4 Nxe4 20. Nxe4 Bg7 21.
Qb3 Qa5 22. h3 Ra8 23. Qd5 Rbb8 24. Rc5 Qa4 25. Rfc1 Rd8 26. Qc6 b4 27. Qxa4
Rxa4 28. Rc8 Rxc8 29. Rxc8+ Kh7 30. Rc4 f5 31. Nc5 Rxa2 32. Rxb4 Ra1+ 33. Kh2
Be5+ 34. g3 Bd6 35. Rc4 Bxc5 1/2-1/2

[Event "21. Open Cappelle la Grande"]
[Site "Cappelle la Grande FRA"]
[Date "2005.02.12"]
[Round "1"]
[White "Hebden, Mark"]
[Black "Calistri, Tristan"]
[Result "1/2-1/2"]
[WhiteElo "2521"]
[BlackElo "2335"]
[PlyCount "118"]
[EventDate "2005.02.12"]
[EventType "swiss"]
[EventRounds "9"]
[EventCountry "FRA"]
[Source "lmi"]
[SourceDate "2005.02.18"]

1. d4 Nf6 2. Nf3 g6 3. Nc3 d5 4. Bf4 Bg7 5. e3 O-O 6. Be2 c5 7. Ne5 Nc6 8. O-O
Be6 9. Nxc6 bxc6 10. Na4 cxd4 11. exd4 Nd7 12. c3 a5 13. Re1 Qc8 14. Rc1 Qb7
15. c4 Rfe8 16. b3 Qa7 17. Be3 Rad8 18. Bf3 Nb6 19. Nc5 Bf5 20. cxd5 Nxd5 21.
Bxd5 Rxd5 22. Qf3 Red8 23. h3 h5 24. Rc4 Bxd4 25. Bxd4 Rxd4 26. Rxd4 Rxd4 27.
Qxc6 Qb8 28. Na6 Qd6 29. Qxd6 Rxd6 30. Nc5 Rd2 31. a4 Rd5 32. Rc1 e5 33. f3 h4
34. Rc4 g5 35. Ne4 Bxe4 36. fxe4 Rd3 37. Rc5 f6 38. Rxa5 Rxb3 39. Kf2 Kf7 40.
Ra8 Ra3 41. a5 Ra2+ 42. Kf3 Ra3+ 43. Kf2 Ra2+ 44. Kg1 Ra1+ 45. Kh2 Kg7 46. a6
Kf7 47. a7 Kg7 48. g4 Ra2+ 49. Kg1 Ra1+ 50. Kf2 Ra2+ 51. Ke3 Ra3+ 52. Kd2 Ra2+
53. Kc3 Ra3+ 54. Kb4 Ra1 55. Kb5 Rb1+ 56. Kc6 Rc1+ 57. Kd6 Ra1 58. Ke6 Ra6+ 59.
Kf5 Ra1 1/2-1/2

[Event "21. Open Cappelle la Grande"]
[Site "Cappelle la Grande FRA"]
[Date "2005.02.12"]
[Round "1"]
[White "Kadziolka, Beata"]
[Black "Skatchkov, Pavel"]
[Result "1/2-1/2"]
[WhiteElo "2321"]
[BlackElo "2483"]
[PlyCount "76"]
[EventDate "2005.02.12"]
[EventType "swiss"]
[EventRounds "9"]
[EventCountry "FRA"]
[Source "lmi"]
[SourceDate "2005.02.18"]

1. e4 e5 2. Nf3 d5 3. exd5 e4 4. Qe2 Nf6 5. Nc3 Be7 6. Nxe4 Nxd5 7. d4 O-O 8.
c4 Nb4 9. a3 Re8 10. Nc3 Bg5 11. Bxg5 Rxe2+ 12. Bxe2 Nc2+ 13. Kd2 f6 14. Kxc2
Bf5+ 15. Bd3 Bxd3+ 16. Kxd3 fxg5 17. h3 Nc6 18. d5 Qd7 19. Rae1 Qf5+ 20. Re4
Na5 21. b4 Nxc4 22. Kxc4 c6 23. dxc6 Rc8 24. Rhe1 Rxc6+ 25. Kb3 h6 26. Nd4 Qf7+
27. Kb2 Rc8 28. f3 Kh7 29. R1e3 Qd7 30. g4 b6 31. b5 Rc7 32. Nf5 Qd2+ 33. Kb3
Qg2 34. Re7 Rxe7 35. Rxe7 Qxh3 36. Rxg7+ Kh8 37. Rxa7 Qxf3 38. Nxh6 Qxc3+
1/2-1/2

[Event "21. Open Cappelle la Grande"]
[Site "Cappelle la Grande FRA"]
[Date "2005.02.12"]
[Round "1"]
[White "Kuzmicz, Krystian"]
[Black "Palac, Mladen"]
[Result "1/2-1/2"]
[WhiteElo "2375"]
[BlackElo "2575"]
[PlyCount "84"]
[EventDate "2005.02.12"]
[EventType "swiss"]
[EventRounds "9"]
[EventCountry "FRA"]
[Source "lmi"]
[SourceDate "2005.02.18"]

1. g3 e5 2. Bg2 d5 3. c4 dxc4 4. Qa4+ c6 5. Qxc4 g6 6. Nf3 Bg7 7. O-O Ne7 8.
Nc3 O-O 9. Rd1 Nf5 10. e3 Be6 11. Qa4 Nd7 12. d4 exd4 13. Nxd4 Nxd4 14. exd4
Nb6 15. Qa5 Re8 16. Bg5 f6 17. Be3 f5 18. b3 Nd5 19. Qxd8 Raxd8 20. Rac1 Nxe3
21. fxe3 Bh6 22. Re1 Bf7 23. Kf2 Rd7 24. Rc2 Rde7 25. Rce2 Bg7 26. Na4 g5 27.
Rd2 Bg6 28. Nc3 Kf7 29. Ree2 a5 30. Bf3 h5 31. Nd1 Bf6 32. Nb2 g4 33. Bg2 f4
34. gxf4 Bh4+ 35. Kf1 Rxe3 36. Nc4 Rc3 37. Nd6+ Kf8 38. Rxe8+ Bxe8 39. Nxe8
Kxe8 40. Ke2 Bf6 41. d5 cxd5 42. Rxd5 Rc2+ 1/2-1/2

[Event "21. Open Cappelle la Grande"]
[Site "Cappelle la Grande FRA"]
[Date "2005.02.12"]
[Round "1"]
[White "Majdan, Joanna"]
[Black "Thorhallsson, Throstur"]
[Result "1/2-1/2"]
[WhiteElo "2273"]
[BlackElo "2455"]
[PlyCount "38"]
[EventDate "2005.02.12"]
[EventType "swiss"]
[EventRounds "9"]
[EventCountry "FRA"]
[Source "lmi"]
[SourceDate "2005.02.18"]

1. e4 c5 2. Nf3 d6 3. d4 cxd4 4. Nxd4 Nf6 5. Nc3 Nc6 6. Bg5 Qa5 7. Bxf6 gxf6 8.
Nb3 Qd8 9. Qd2 a6 10. O-O-O b5 11. f4 e6 12. f5 Ne5 13. Nd4 Bd7 14. Kb1 a5 15.
g3 Rc8 16. fxe6 fxe6 17. Bh3 Ng4 18. Rhf1 Rg8 19. Nce2 Bh6 1/2-1/2